Quiz Cultura Generale - Quiz n°46 - Statistics

Statistiche generali
  • Questo quiz è stato fatto 249 volte
  • Il punteggio medio è 7 su 15
Statistiche sulle risposte
Domanda Risposta % Corretto
Quanto fa 3 elevato alla quarta? 81
86%
Qual è la prima persona singolare del passato remoto del verbo "espellere" Io espulsi
78%
A quanti decimetri quadrati corrispondono 2 metri quadrati? 200
74%
Qual è il gioco finale del programma televisivo "L'Eredità"? La Ghigliottina
74%
Chi era per i greci il Dio della guerra, dello spargimento di sangue e della violenza? Ares
66%
Chi ha scritto "Il giro del mondo in 80 giorni"? Jules Verne
55%
Quale studio di animazione ha realizzato la saga di "Shrek"? DreamWorks Animation
47%
Quale stato africano è stato fondato da ex-schiavi provenienti dagli Stati Uniti? Liberia
41%
Chi è stato Cancelliere del Reich tedesco dal 1871 al 1890? Otto von Bismarck
41%
A quanto corrisponde 4 elevato alla 1/2? 2
38%
Qual è il termine con cui si identifica il collezionismo di francobolli? Filatelia
20%
Quale nemico di Topolino è rappresentato con una tunica nera con due buchi per gli occhi? Macchia nera
20%
Quale provincia italiana ha come sigla PO? Prato
15%
Qual è stato il secondo imperatore romano? Tiberio Claudio Nerone
14%
In quale stato degli Stati Uniti si trova Monte Rushmore? Sud Dakota
3%
Nessun quiz corrispondente trovato
Distribuzione punteggi
Percentuale di utenti per punteggio
Percentile per numero di risposta
I tuoi punteggi nel tempo
Non hai fatto questo quiz